| 000 | 01168nam a22003137a 4500 | ||
|---|---|---|---|
| 003 | EG-ScBUE | ||
| 005 | 20220704114137.0 | ||
| 008 | 110928s2010 enkab f 001 0 eng d | ||
| 020 | _a0521747899 | ||
| 020 | _a9780521747899 | ||
| 040 |
_aEG-ScBUE _beng _erda _cEG-ScBUE _dEG-ScBUE |
||
| 082 | 0 | 4 |
_222 _a428.64 _bMAC |
| 100 | 1 |
_927389 _aMackey, Daphne, _eauthor. |
|
| 245 | 1 | 0 |
_aRead this!. _n2, _pFascinating stories from the content areas / _cDaphne Mackey, Alice Savage. |
| 246 | 3 | 0 | _aFascinating stories from the content areas |
| 264 | 1 |
_aCambridge : _bCambridge University Press, _c2010. |
|
| 300 |
_ax, 125 pages : _bcolor illustrations, color maps ; _c26 cm |
||
| 336 |
_2rdacontent _atext _btxt |
||
| 337 |
_2rdamedia _aunmediated _bn |
||
| 338 |
_2rdacarrier _avolume _bnc |
||
| 500 | _aIncludes index. | ||
| 650 | 7 |
_912631 _aEnglish language _vTextbooks for foreign speakers. _2BUEsh |
|
| 651 | _2BUEsh | ||
| 653 |
_cSeptember2011 _bHHUUEENN |
||
| 655 |
_vReading book _934232 |
||
| 700 | 1 |
_927390 _aSavage, Alice _d1962- _eauthor. |
|
| 856 |
_uwww.cambridge.org/readthis _zwebQuests online that help students explore the content further |
||
| 942 |
_2ddc _cBB |
||
| 999 |
_c16094 _d16094 |
||